000 00387nam a2200145Ia 4500
008 240624s9999 xx 000 0 und d
041 _aeng
082 _a332.632283 PAT
100 _aPATWARI D C
245 _aOPTIONS AND FUTURES AN INDIAN PERSPECTIV
250 _a(3rd ed.)
260 _c2006
_aMumbai
_bJaico Publishing House
300 _axii, : 411 : p. : cm. ; 24
365 _cRS
_b30
999 _c5493
_d5493